[Event "Girona-ch "]
[Site "Girona"]
[Date "2017.10.08"]
[Round "1"]
[White "Mendez Camarasa, Fernando"]
[Black "Gratacos Font, Albert"]
[Result "1-0"]
[WhiteElo "2262"]
[BlackElo "1662"]
[PlyCount "75"]
[EventDate "2017.10.08"]
[EventType "swiss"]
[EventRounds "9"]
[EventCountry "ESP"]
[SourceTitle "CBM 181 Extra"]
[Source "ChessBase"]
[SourceDate "2017.12.12"]
[SourceVersion "1"]
[SourceVersionDate "2017.12.12"]
[SourceQuality "1"]

1. f4 d5 2. Nf3 g6 3. g3 Bg7 4. Bg2 e6 5. 0-0 Ne7 6. d3 0-0 7. c3 c5 8. e4 Nbc6 9. Na3 a6 10. Qe1 b5 11. Nc2 d4 12. cxd4 Nxd4 13. Ncxd4 cxd4 14. g4 f5 15. h3 e5 16. exf5 exf4 17. Ng5 Nd5 18. Ne6 Qd6 19. Nxf8 Bxf8 20. Qe4 Bb7 21. Bxf4 Nxf4 22. Qxf4 Bxg2 23. Qxd6 Bxd6 24. Kxg2 Bb4 25. fxg6 hxg6 26. Rf6 Kg7 27. Raf1 g5 28. Rf7+ Kg8 29. Rd7 Rc8 30. Rf6 Rc2+ 31. Kf3 Be1 32. Ke4 Rxb2 33. Rxa6 Re2+ 34. Kf5 Bb4 35. Ra8+ Bf8 36. Rdd8 Rf2+ 37. Kxg5 Kg7 38. Rxf8 1-0

[Event "Figueres op-B 18th"]
[Site "Figueres"]
[Date "2017.08.14"]
[Round "6"]
[White "Gratacos Font, Albert"]
[Black "Beauzamy, Alain"]
[Result "1-0"]
[WhiteElo "1726"]
[BlackElo "1785"]
[PlyCount "59"]
[EventDate "2017.08.10"]
[EventType "swiss"]
[EventRounds "9"]
[EventCountry "ESP"]
[SourceTitle "EXT 2019"]
[Source "ChessBase"]
[SourceDate "2018.10.10"]
[SourceVersion "1"]
[SourceVersionDate "2018.10.10"]
[SourceQuality "1"]

1. e4 e6 2. d4 d5 3. e5 c5 4. c3 Nc6 5. Nf3 cxd4 6. cxd4 Nge7 7. a3 Nf5 8. b4 Be7 9. Be2 g5 10. h3 Bd7 11. Be3 Nxe3 12. fxe3 Qc7 13. Nbd2 f6 14. Rc1 Qb8 15. b5 Nd8 16. a4 Nf7 17. exf6 Qg3+ 18. Kf1 Bxf6 19. e4 0-0 20. e5 Nxe5 21. dxe5 Bxe5 22. Kg1 Bf4 23. Nf1 Be3+ 24. Nxe3 Rf7 25. Qd4 Rf4 26. Qe5 Rxf3 27. Qxg3 Rxg3 28. Kf2 Rxe3 29. Kxe3 e5 30. Bg4 1-0

[Event "Catalunya-ch Previa"]
[Site "Girona"]
[Date "2016.01.30"]
[Round "6.6"]
[White "Homs Espinosa, Alain"]
[Black "Gratacos Font, Albert"]
[Result "1-0"]
[WhiteElo "1762"]
[BlackElo "1909"]
[PlyCount "99"]
[EventDate "2016.01.16"]
[EventType "swiss"]
[EventRounds "5"]
[EventCountry "ESP"]
[SourceTitle "EXT 2024"]
[Source "ChessBase"]
[SourceDate "2023.10.10"]
[SourceVersion "1"]
[SourceVersionDate "2023.10.10"]
[SourceQuality "1"]

1. e4 c5 2. d3 g6 3. Nd2 Bg7 4. Ngf3 Nc6 5. g3 Nf6 6. Bg2 0-0 7. 0-0 d5 8. Re1 Re8 9. h3 e5 10. exd5 Nxd5 11. Ne4 b6 12. c4 Ndb4 13. Bf1 Be6 14. a3 Na6 15. Nc3 f6 16. Be3 Qd7 17. h4 Bg4 18. Bg2 Nd4 19. Nd5 Nc7 20. Nxc7 Qxc7 21. Bxd4 cxd4 22. Qb3 Rac8 23. Rac1 Be6 24. Qc2 b5 25. b3 Bf8 26. Qb2 Qa5 27. Ra1 bxc4 28. bxc4 Rb8 29. Qc1 Rb3 30. Qc2 Rxa3 31. Rad1 Rb8 32. Nxd4 exd4 33. Rxe6 f5 34. Bd5 Kg7 35. Qe2 Qc7 36. h5 Rab3 37. Rc6 Qe7 38. Qf3 Rb1 39. Rxb1 Rxb1+ 40. Kh2 Qg5 41. Rc7+ Kh6 42. hxg6 hxg6 43. Rxa7 Qh5+ 44. Qxh5+ Kxh5 45. Kh3 Rd1 46. f4 Rxd3 47. Rh7+ Bh6 48. c5 Rc3 49. c6 d3 50. Bf3# 1-0

[Event "Catalunya-ch Previa"]
[Site "Girona"]
[Date "2016.01.30"]
[Round "5.4"]
[White "Rodriguez Fernandez, Bernat de Claravall"]
[Black "Gratacos Font, Albert"]
[Result "1-0"]
[WhiteElo "1853"]
[BlackElo "1909"]
[PlyCount "64"]
[EventDate "2016.01.16"]
[EventType "swiss"]
[EventRounds "5"]
[EventCountry "ESP"]
[SourceTitle "EXT 2024"]
[Source "ChessBase"]
[SourceDate "2023.10.10"]
[SourceVersion "1"]
[SourceVersionDate "2023.10.10"]
[SourceQuality "1"]

1. d4 Nf6 2. Nf3 d5 3. e3 e6 4. Bd3 Bd6 5. 0-0 0-0 6. b3 b6 7. Bb2 Nbd7 8. Nbd2 Bb7 9. Ne5 c5 10. f4 Rc8 11. Qf3 Qe7 12. Nxd7 Nxd7 13. Qh3 f5 14. Rf3 c4 15. bxc4 dxc4 16. Bxc4 Bxf3 17. Qxf3 Nf6 18. Bb3 b5 19. Qe2 Qd7 20. Qd3 Be7 21. Qxf5 Nd5 22. Qe4 Rf6 23. Nf3 Kh8 24. Ng5 Rg6 25. Nf7+ Kg8 26. Ne5 Qd6 27. Nxg6 hxg6 28. Qxg6 Rf8 29. Qe4 Rf6 30. Qe5 Qb4 31. h3 Qd2 32. Bxd5 exd5 1-0

[Event "Girona op 6th"]
[Site "Girona"]
[Date "2015.07.18"]
[Round "6"]
[White "Gratacos Font, Albert"]
[Black "Nunez Colome, David"]
[Result "0-1"]
[WhiteElo "1937"]
[BlackElo "2038"]
[PlyCount "128"]
[EventDate "2015.07.13"]
[EventType "swiss"]
[EventRounds "9"]
[EventCountry "ESP"]
[SourceTitle "EXT 2016"]
[Source "ChessBase"]
[SourceDate "2015.10.08"]
[SourceVersion "1"]
[SourceVersionDate "2015.10.08"]
[SourceQuality "1"]

1. e4 e6 2. d4 d5 3. Nd2 Nf6 4. e5 Nfd7 5. Bd3 c5 6. c3 Nc6 7. Ne2 cxd4 8. cxd4 f6 9. exf6 Nxf6 10. Nf3 Bd6 11. 0-0 Qc7 12. Bg5 0-0 13. Bh4 Nh5 14. Qc2 h6 15. Bg6 Rxf3 16. Bxh5 Rf8 17. Bg3 Bd7 18. a3 Rac8 19. Rac1 Bxg3 20. fxg3 Rxf1+ 21. Rxf1 Nxd4 22. Bf7+ Kh8 23. Nxd4 Qxc2 24. Nxc2 Rxc2 25. Bg6 Rc8 26. Rf7 Rd8 27. Re7 Kg8 28. Kf2 Kf8 29. Rf7+ Kg8 30. Re7 d4 31. Ke1 a6 32. Kd2 a5 33. a4 Bxa4 34. Rxb7 Be8 35. Be4 a4 36. Re7 Bf7 37. Ra7 Rb8 38. Kc1 Rc8+ 39. Kd2 Rb8 40. Kc1 Be8 41. Re7 Bf7 42. Ra7 e5 43. Rxa4 Rc8+ 44. Kd2 g6 45. Ra5 Re8 46. b4 Re6 47. b5 Rb6 48. Bc6 Bc4 49. Ra8+ Kg7 50. Re8 Bxb5 51. Bxb5 Rxb5 52. Kd3 Rb3+ 53. Ke4 Re3+ 54. Kd5 d3 55. Ke6 g5 56. g4 Re2 57. Re7+ Kg6 58. Re8 d2 59. Rg8+ Kh7 60. Rd8 e4 61. Rd7+ Kg6 62. Rd6 e3 63. Ke7+ Kg7 64. Rf6 Rf2 0-1

[Event "Santa Eugenia op 10th"]
[Site "Santa Eugenia"]
[Date "2015.??.??"]
[Round "5"]
[White "Gratacos Font, Albert"]
[Black "Nadal Rebarter, Joan"]
[Result "1/2-1/2"]
[WhiteElo "1935"]
[BlackElo "1878"]
[PlyCount "86"]
[EventDate "2015.04.17"]
[EventType "swiss"]
[EventRounds "9"]
[EventCountry "ESP"]
[SourceTitle "EXT 2016"]
[Source "ChessBase"]
[SourceDate "2015.10.08"]
[SourceVersion "1"]
[SourceVersionDate "2015.10.08"]
[SourceQuality "1"]

1. e4 c6 2. d4 d5 3. e5 Bf5 4. Nf3 e6 5. Be2 Nd7 6. Nbd2 c5 7. c3 Ne7 8. 0-0 Nc6 9. Re1 Be7 10. dxc5 Nxc5 11. Bb5 Qb6 12. Nd4 Bd3 13. Bxc6+ bxc6 14. b4 Ne4 15. Qf3 Nxd2 16. Bxd2 Bg6 17. Be3 Qc7 18. Rec1 a6 19. c4 Qxe5 20. Nxc6 Qd6 21. Nxe7 Be4 22. Qg4 Qxe7 23. Qxg7 Kd7 24. g3 Rhg8 25. Qc3 Rac8 26. Qd2 Qh4 27. f4 h5 28. Rc3 Rxg3+ 29. hxg3 Qh1+ 30. Kf2 Qxa1 31. Rc1 Qg7 32. cxd5 Bxd5 33. Rxc8 Kxc8 34. Bd4 Qg4 35. Qc3+ Kd7 36. Be5 f5 37. Qc7+ Ke8 38. Qc8+ Ke7 39. Qb8 Kd7 40. Qd6+ Ke8 41. Qb8+ Kd7 42. Qc7+ Ke8 43. Qc3 h4 1/2-1/2

[Event "Girona Territorial-ch"]
[Site "Girona"]
[Date "2014.10.05"]
[Round "1"]
[White "Mogro Flores, Simon"]
[Black "Gratacos Font, Albert"]
[Result "1-0"]
[WhiteElo "2159"]
[BlackElo "1849"]
[PlyCount "57"]
[EventDate "2014.10.05"]
[EventType "swiss"]
[EventRounds "9"]
[EventCountry "ESP"]
[SourceTitle "CBM 163 Extra"]
[Source "ChessBase"]
[SourceDate "2014.12.23"]
[SourceVersion "1"]
[SourceVersionDate "2014.12.23"]
[SourceQuality "1"]

1. e4 e6 2. Nf3 d5 3. exd5 exd5 4. d4 Nf6 5. Bg5 Bg4 6. Qe2+ Be6 7. Qb5+ Nbd7 8. Qxb7 Be7 9. b3 Bf5 10. Qc6 0-0 11. Be2 Rb8 12. a3 Re8 13. Bf4 Bd6 14. Be3 Rb6 15. Qc3 Ne4 16. Qb2 c5 17. 0-0 Qc7 18. dxc5 Bxc5 19. Bxc5 Ndxc5 20. Nd4 Bg6 21. Nc3 Nf6 22. Bf3 Rd8 23. Rad1 Rbd6 24. Nce2 Nce4 25. Bxe4 Nxe4 26. f3 Ng5 27. Nf4 h6 28. h4 Nh7 29. h5 1-0

[Event "Santa Eugenia op 9th"]
[Site "Santa Eugenia"]
[Date "2014.05.23"]
[Round "5"]
[White "Carraminana Puig, Jordi"]
[Black "Gratacos Font, Albert"]
[Result "1-0"]
[WhiteElo "1915"]
[BlackElo "1782"]
[PlyCount "69"]
[EventDate "2014.04.25"]
[EventType "swiss"]
[EventRounds "9"]
[EventCountry "ESP"]
[SourceTitle "EXT 2015"]
[Source "ChessBase"]
[SourceDate "2014.11.20"]
[SourceVersion "1"]
[SourceVersionDate "2014.11.20"]
[SourceQuality "1"]

1. d4 Nf6 2. c4 e6 3. Nf3 b6 4. Bg5 Bb7 5. e3 h6 6. Bh4 d6 7. Nc3 Nbd7 8. Bd3 Be7 9. Rc1 a6 10. 0-0 0-0 11. Re1 d5 12. cxd5 exd5 13. Bb1 Rc8 14. Qe2 c5 15. Bf5 Ne4 16. Nxe4 dxe4 17. Bxe7 Qxe7 18. Ne5 Bc6 19. Nxc6 Rxc6 20. Qxa6 Nb8 21. Qa4 g6 22. d5 Rd6 23. Bxe4 f5 24. Bf3 Rf7 25. e4 Qa7 26. Qb3 fxe4 27. Rxe4 Rfd7 28. Re6 Rxe6 29. dxe6 Re7 30. Rd1 Kg7 31. Qc3+ Kf8 32. Rd8+ Re8 33. Qf6+ Kg8 34. Rxe8+ Kh7 35. Rh8# 1-0

[Event "Catalunya-ch U14"]
[Site "Saragosa"]
[Date "2014.02.01"]
[Round "5.3"]
[White "Torres Camps, Aleix"]
[Black "Gratacos Font, Albert"]
[Result "1/2-1/2"]
[WhiteElo "1840"]
[BlackElo "1782"]
[PlyCount "71"]
[EventDate "2014.01.25"]
[EventType "swiss"]
[EventRounds "8"]
[EventCountry "ESP"]
[SourceTitle "EXT 2024"]
[Source "ChessBase"]
[SourceDate "2023.10.10"]
[SourceVersion "1"]
[SourceVersionDate "2023.10.10"]
[SourceQuality "1"]

1. d4 d5 2. c4 e6 3. Nc3 Nf6 4. cxd5 exd5 5. Bg5 Nbd7 6. e3 c6 7. Bd3 Qa5 8. Qb3 Bb4 9. Nge2 0-0 10. 0-0 h6 11. Bh4 Bxc3 12. bxc3 Re8 13. Rfe1 c5 14. c4 dxc4 15. Qxc4 b6 16. Bxf6 Nxf6 17. dxc5 Qxc5 18. Qxc5 bxc5 19. Rec1 Nd7 20. Bb5 Re5 21. Nf4 g5 22. Nd3 Rf5 23. e4 Rf6 24. Nxc5 Nxc5 25. Rxc5 a6 26. Bc4 Be6 27. Rc6 Rc8 28. Rxc8+ Bxc8 29. Bd5 Be6 30. Kf1 Bxd5 31. exd5 Rd6 32. Rd1 Kg7 33. Rd4 Kf6 34. Ra4 Ke5 35. Ra5 Kd4 36. a3 1/2-1/2